| Tag |
First Indicator |
Second Indicator |
Subfields |
| LEADER |
00000cam a2200000I 4500 |
| 001 |
in00002783942 |
| 005 |
20151202171839.0 |
| 008 |
770207s1963 dcuab b f000 0 eng d |
| 035 |
|
|
|a (OCoLC)ocm02724833
|
| 035 |
|
|
|a (OCoLC)2724833
|
| 040 |
|
|
|a CSU
|c CSU
|d OCL
|d IAS
|d OCLCQ
|d UV$
|d NRU
|d UtOrBLW
|
| 043 |
|
|
|a n-us-ca
|
| 049 |
|
|
|a TXAM
|
| 050 |
|
4 |
|a QE611.5.C2
|b B38 1963
|
| 082 |
0 |
4 |
|a 557.3
|b U58p no. 414-D
|
| 086 |
0 |
|
|a I 19.16:414-D
|
| 110 |
2 |
|
|a Geological Survey (U.S.)
|
| 245 |
1 |
4 |
|a The Sierra Nevada batholith ;
|b a synthesis of recent work across the central part /
|c by Paul C. Bateman [and others].
|
| 264 |
|
1 |
|a Washington :
|b U.S. Govt. Print. Off,
|c 1963.
|
| 300 |
|
|
|a 46 pages :
|b illustrations, maps (1 folded color in pocket) ;
|c 29 cm.
|
| 336 |
|
|
|a text
|b txt
|2 rdacontent
|
| 337 |
|
|
|a unmediated
|b n
|2 rdamedia
|
| 338 |
|
|
|a volume
|b nc
|2 rdacarrier
|
| 490 |
1 |
|
|a Geological Survey (U.S.). Shorter contributions to general geology
|
| 500 |
|
|
|a Prepared in cooperation with the State of California, Division of Mines and Geology.
|
| 504 |
|
|
|a Includes bibliography.
|
| 650 |
|
0 |
|a Batholiths.
|
| 650 |
|
0 |
|a Geology, Stratigraphic.
|
| 650 |
|
0 |
|a Petrology
|z California.
|
| 710 |
1 |
|
|a California.
|b Division of Mines and Geology.
|
| 830 |
|
0 |
|a Shorter contributions to general geology.
|
| 830 |
|
0 |
|a Professional paper (Geological Survey (U.S.)) ;
|v 414-D.
|
| 948 |
|
|
|a cataloged
|b h
|c 2012/12/13
|d c
|e mvaldespin
|f 01:49:34 pm
|
| 994 |
|
|
|a C0
|b TXA
|
| 999 |
|
|
|a MARS
|
| 999 |
f |
f |
|s 53926b56-d085-3fc5-8310-ab5914071426
|i 856bb5e6-36b5-3347-8f3b-3a824caaf0df
|t 0
|
| 952 |
f |
f |
|p normal
|a Texas A&M University
|b College Station
|c Sterling C. Evans Library
|d Evans: US Documents (Annex 5th floor)
|t 0
|e I 19.16:412-414 A-H
|h Superintendent of Documents classification
|i unmediated -- volume
|m A14837790007
|
| 952 |
f |
f |
|a Texas A&M University
|b College Station
|c Sterling C. Evans Library
|d Evans: US Documents (Annex 5th floor)
|t 0
|e I 19.16:412-414 A-H
|h Superintendent of Documents classification
|
| 998 |
f |
f |
|a I 19.16:412-414 A-H
|t 0
|l Evans: US Documents (Annex 5th floor)
|